Resins/ (Record no. 206986)

MARC details
000 -LEADER
fixed length control field 00581nam a22001937a 4500
005 - DATE AND TIME OF LATEST TRANSACTION
control field 20241114115916.0
010 ## - LCCN (DPL NO)
LC control number ENG-142624
020 ## - INTERNATIONAL STANDARD BOOK NUMBER
Terms of availability 1995.00
International Standard Book Number 9788178331652
035 ## - SYSTEM CONTROL NUMBER
System control number EN-126156
037 ## - SOURCE OF ACQUISITION
Source of stock number/acquisition DBAD
082 ## - DEWEY DECIMAL CLASSIFICATION NUMBER
Classification number 668.4222
100 ## - MAIN ENTRY--PERSONAL NAME
Personal name Niir Board of Consulants and Engineers
245 ## - TITLE STATEMENT
Title Resins/
Statement of responsibility, etc by Niir Board of Consulants and Engineers
250 ## - EDITION STATEMENT
Edition statement 3rd Rev. Edition
260 ## - PUBLICATION, DISTRIBUTION, ETC. (IMPRINT)
Place of publication, distribution, etc Delhi
Name of publisher, distributor, etc Asia Pacific Business Press Inc.
Date of publication, distribution, etc 2016
270 ## - ADDRESS
City Delhi
300 ## - PHYSICAL DESCRIPTION
Extent 622p.
Dimensions 22cm(pbk)
942 ## - ADDED ENTRY ELEMENTS (KOHA)
Source of classification or shelving scheme Dewey Decimal Classification
Item type English Books
Classification part 668.4222
Call number suffix NII
Edition 3rd Rev. Edition
Holdings
Withdrawn status Lost status Not for loan Collection code Home library Current library Date acquired Source of acquisition Cost, normal purchase price Full call number Barcode Copy number Cost, replacement price Koha item type
      Non-fiction Bawana Bawana 14/11/2024 DBAD 1995.00 668.4222 NII EN-126156 1 1995.00 English Books

© Delhi Public Library
Hit Counter
free hit counter